Nová legislatíva prinesie väčšiu bezpečnosť
Nariadenie EÚ č. 1169/2011 o poskytovaní informácií spotrebiteľom o potravinách, nadobudne účinnosť 13. decembra 2014. Nariadenie sa vzťahuje na všetky potravinárske produkty. Povinné údaje na balených potravinách. Informácie pomôžu aj alergikom.
Gespeichert in:
| 1. Verfasser: | |
|---|---|
| Weitere Verfasser: | |
| Format: | Buchkapitel |
| Sprache: | Slowakisch |
| Schlagworte: | |
| Tags: |
Keine Tags, Fügen Sie das erste Tag hinzu!
|
MARC
| LEADER | 00000naa a2200000 4500 | ||
|---|---|---|---|
| 001 | 0192588 | ||
| 005 | 20231011070030.9 | ||
| 041 | 0 | |a slo | |
| 044 | |a SK | ||
| 245 | 1 | 0 | |a Nová legislatíva prinesie väčšiu bezpečnosť |
| 520 | |a Nariadenie EÚ č. 1169/2011 o poskytovaní informácií spotrebiteľom o potravinách, nadobudne účinnosť 13. decembra 2014. Nariadenie sa vzťahuje na všetky potravinárske produkty. Povinné údaje na balených potravinách. Informácie pomôžu aj alergikom. | ||
| 610 | 2 | 0 | |a potraviny |
| 610 | 2 | 0 | |a bezpečnosť potravinová |
| 610 | 2 | 0 | |a obaly |
| 610 | 2 | 0 | |a informácie |
| 610 | 2 | 0 | |a spotrebitelia |
| 100 | 1 | |a Mišíková, Veronika | |
| 700 | 1 | |a Neumann, Pavel | |